3 Most Populated Countries per Letter - Statistics

General Stats
  • This quiz has been taken 1,073 times
  • The average score is 46 of 65
Answer Stats
Hint Answer % Correct
C China
94%
I India
94%
U United States
94%
F France
93%
B Brazil
92%
I Indonesia
90%
U United Kingdom
90%
A Argentina
89%
R Russia
89%
G Germany
88%
J Japan
88%
Y Yemen
88%
Z Zambia
88%
Z Zimbabwe
88%
O Oman
87%
Q Qatar
87%
P Pakistan
82%
A Algeria
81%
N Nigeria
81%
V Venezuela
81%
E Ethiopia
80%
V Vietnam
80%
E Egypt
78%
M Mexico
78%
D Democratic Republic of the Congo
77%
I Iran
77%
K Kazakhstan
76%
K Kenya
74%
D Denmark
73%
B Bangladesh
72%
C Canada
71%
H Haiti
71%
F Finland
70%
T Turkey
70%
H Hungary
69%
S South Africa
69%
S South Korea
69%
T Thailand
69%
H Honduras
68%
P Philippines
68%
U Ukraine
68%
C Colombia
67%
J Jordan
66%
P Poland
66%
L Laos
65%
S Spain
65%
J Jamaica
64%
F Fiji
63%
A Afghanistan
62%
V Vanuatu
62%
R Romania
60%
R Rwanda
58%
L Libya
57%
G Ghana
56%
K Kyrgyzstan
54%
T Tanzania
53%
D Dominican Republic
52%
M Myanmar
49%
E Ecuador
47%
G Guatemala
44%
M Morocco
44%
N North Korea
44%
N Nepal
40%
L Lebanon
35%
B Burkina Faso
25%
No matching quizzes found
Score Distribution
Percent of People with Each Score
Percentile by Number Answered
Your Score History
You have not taken this quiz